000 01089nam a2200289Ia 4500
001 C0594
003 IT-RoPAU
008 130308s9999 xx 000 0 und d
040 _aIT-RoPAU
040 _cIT-RoPAU
041 _aITALIANO
100 _aPetrilli Susan
100 _gCodice Aut. SPICS: 19804
245 _aSemiotica in Italia a partire dalla seconda metà degli anni Settanta (La)
245 _bRicerca Semiotica (La)
250 _a1a ed.
260 _aBOLOGNA
260 _bEsculapio
260 _c1993 [1° Ed.:1993 - Ed.Ling.Originale:1993]
300 _a"17 p. (prefazione: no ; testo: 17 [pagine: 141-157])"
500 _aEmancipazione della Semiotica Dalla Linguistica. Semiotica della Decodificazione e Semiotica dell'Interpretazione. Sul Modello di Segno. Segno e Valore. cenni su Semiotica e Ideologia. Significato Come Percorso Interpretativo. cenni al Concetto di Residuo Non Segnico. Sulle semiotiche Specifiche. Semiotica e Scienze.
650 _aSEMIOLOGIA
650 _eCodice materia Spics: 3251
942 _cBK
957 _71
999 _c78298
_d78298
999 _g1